[Event "SVR-op"]
[Site "Trier"]
[Date "2016.03.25"]
[Round "6"]
[White "Roden, Simon"]
[Black "Berresheim, Holger"]
[Result "1/2-1/2"]
[WhiteElo "905"]
[BlackElo "1632"]
[PlyCount "119"]
[EventDate "2016.03.19"]
[EventType "swiss"]
[EventRounds "7"]
[EventCountry "GER"]
[SourceTitle "CBM 171 Extra"]
[Source "ChessBase"]
[SourceDate "2016.04.26"]
[SourceVersion "1"]
[SourceVersionDate "2016.04.26"]
[SourceQuality "1"]

1. e4 e5 2. Nf3 d6 3. Nc3 Nf6 4. g3 Be7 5. Bg2 0-0 6. 0-0 Bg4 7. b3 Nc6 8. Bb2 Qd7 9. d3 Bh3 10. Rb1 Bxg2 11. Kxg2 a6 12. a4 Qg4 13. Nd2 Qd7 14. Nd5 Nxd5 15. exd5 Nb4 16. d4 exd4 17. Bxd4 Nxd5 18. c4 Nf6 19. Re1 Rfe8 20. Ne4 Qc6 21. Qe2 Nd7 22. Kg1 Ne5 23. f4 Ng6 24. f5 Ne5 25. Qh5 f6 26. Bxe5 dxe5 27. g4 Rad8 28. h4 Rf8 29. g5 fxg5 30. Nxg5 Bxg5 31. Qxg5 Qf6 32. Rf1 Rd4 33. Qg3 Qxh4 34. Qxh4 Rxh4 35. Rbe1 Rh3 36. Rxe5 Rxb3 37. Re7 Rf7 38. Re6 Rb6 39. Rxb6 cxb6 40. Rb1 Rxf5 41. Rxb6 Rc5 42. Rb4 Rc7 43. Kf2 Kf7 44. Ke3 Rd7 45. c5 a5 46. Rb5 h5 47. Rxa5 g5 48. Ra7 Re7+ 49. Kf3 Rc7 50. c6 Rxc6 51. Rxb7+ Ke8 52. Rb5 Rg6 53. a5 Kd8 54. Ke4 h4 55. a6 Re6+ 56. Kf3 Rxa6 57. Rxg5 Rh6 58. Rg1 Ke7 59. Rh1 Kf6 60. Kg4 1/2-1/2

[Event "SVR op"]
[Site "Nickenich"]
[Date "2015.03.28"]
[Round "1"]
[White "Berresheim, Holger"]
[Black "Suwani, Dyako"]
[Result "1-0"]
[WhiteElo "1546"]
[BlackElo "842"]
[PlyCount "47"]
[EventDate "2015.03.28"]
[EventType "swiss"]
[EventRounds "7"]
[EventCountry "GER"]
[SourceTitle "EXT 2016"]
[Source "ChessBase"]
[SourceDate "2015.10.08"]
[SourceVersion "1"]
[SourceVersionDate "2015.10.08"]
[SourceQuality "1"]

1. e4 c5 2. Nf3 Nc6 3. Nc3 Nf6 4. Bc4 e5 5. d3 d6 6. Ng5 Be6 7. Nxe6 fxe6 8. Bxe6 Nd4 9. Bc4 Ng4 10. 0-0 Qh4 11. h3 Nf6 12. Nb5 Nxb5 13. Bxb5+ Kd8 14. Bd2 d5 15. exd5 Nxd5 16. Qf3 a6 17. Qxd5+ Ke7 18. Qxe5+ Kd8 19. Qd5+ Ke7 20. Qxb7+ Kf6 21. Qxa8 Kf5 22. Bd7+ Ke5 23. Qe4+ Qxe4 24. dxe4 1-0

[Event "SVR op"]
[Site "Nickenich"]
[Date "2015.03.28"]
[Round "2"]
[White "Ronge, Tim Hendrick"]
[Black "Berresheim, Holger"]
[Result "1-0"]
[WhiteElo "1931"]
[BlackElo "1546"]
[PlyCount "51"]
[EventDate "2015.03.28"]
[EventType "swiss"]
[EventRounds "7"]
[EventCountry "GER"]
[SourceTitle "EXT 2016"]
[Source "ChessBase"]
[SourceDate "2015.10.08"]
[SourceVersion "1"]
[SourceVersionDate "2015.10.08"]
[SourceQuality "1"]

1. d4 d5 2. c4 c6 3. Nf3 e6 4. e3 Nf6 5. Bd3 dxc4 6. Bxc4 Bd6 7. Nc3 Nbd7 8. 0-0 0-0 9. Qe2 Nb6 10. Bd3 Nbd5 11. e4 Nf4 12. Bxf4 Bxf4 13. e5 Nd5 14. Qe4 f5 15. exf6 Bxh2+ 16. Kxh2 Nxf6 17. Qh4 e5 18. Kg1 exd4 19. Bc4+ Kh8 20. Qxd4 Qc7 21. Qe5 Qb6 22. Na4 Qd8 23. Rad1 Nd7 24. Qh2 b5 25. Bd3 Nf6 26. Bxh7 1-0

[Event "SVR-op"]
[Site "Heimbach Weis"]
[Date "2014.04.17"]
[Round "4"]
[White "Berresheim, Holger"]
[Black "Eske, Alexander"]
[Result "0-1"]
[WhiteElo "1576"]
[BlackElo "1746"]
[PlyCount "80"]
[EventDate "2014.04.11"]
[EventType "swiss"]
[EventRounds "7"]
[EventCountry "GER"]
[SourceTitle "CBM 160 Extra"]
[Source "ChessBase"]
[SourceDate "2014.07.01"]
[SourceVersion "1"]
[SourceVersionDate "2014.07.01"]
[SourceQuality "1"]

1. e4 Nc6 2. Nf3 d6 3. Nc3 a6 4. Be2 g6 5. d3 Bg7 6. 0-0 Nf6 7. Be3 0-0 8. Qd2 e5 9. Bg5 Ne7 10. Rfe1 c6 11. Rab1 Nh5 12. Nh4 Nf6 13. Nf3 Ne8 14. Bh6 f5 15. Bxg7 Kxg7 16. d4 fxe4 17. Nxe4 Bf5 18. Ng3 e4 19. Ng5 Nc7 20. Nxf5+ gxf5 21. Nh3 d5 22. Nf4 Ng6 23. Nxg6 hxg6 24. Qf4 Ne6 25. Qe5+ Qf6 26. Qxf6+ Kxf6 27. c3 g5 28. g3 g4 29. Kg2 Rh8 30. Rh1 Ng5 31. b3 Rae8 32. Rbe1 Re7 33. Bd1 Reh7 34. Ref1 Re7 35. Re1 Nf3 36. Re2 Reh7 37. Re3 Rxh2+ 38. Rxh2 Rxh2+ 39. Kf1 Rh1+ 40. Ke2 Re1# 0-1

[Event "SVR-op"]
[Site "Heimbach Weis"]
[Date "2014.04.17"]
[Round "5"]
[White "Schloetter, Hermann"]
[Black "Berresheim, Holger"]
[Result "1-0"]
[WhiteElo "1711"]
[BlackElo "1576"]
[PlyCount "77"]
[EventDate "2014.04.11"]
[EventType "swiss"]
[EventRounds "7"]
[EventCountry "GER"]
[SourceTitle "CBM 160 Extra"]
[Source "ChessBase"]
[SourceDate "2014.07.01"]
[SourceVersion "1"]
[SourceVersionDate "2014.07.01"]
[SourceQuality "1"]

1. e4 e5 2. Nf3 d6 3. d4 exd4 4. Nxd4 Nf6 5. Nc3 Be7 6. Be2 0-0 7. 0-0 Nbd7 8. Be3 Nc5 9. f3 a6 10. Qd2 Re8 11. Rad1 Bd7 12. Nd5 Ne6 13. c4 c6 14. Nxe6 Bxe6 15. Nxe7+ Rxe7 16. Qxd6 Rd7 17. Qb4 a5 18. Qb6 a4 19. e5 Rxd1 20. Rxd1 Qxb6 21. Bxb6 Nd7 22. Bc7 Kf8 23. f4 Ke8 24. g4 Nc5 25. f5 Bd7 26. Bb6 Na6 27. Rd6 Ke7 28. a3 c5 29. Bf3 Rb8 30. Rd2 Bc8 31. Bd5 Ra8 32. Be4 Rb8 33. Rd5 Bd7 34. Bxc5+ Nxc5 35. Rxc5 b6 36. Rc7 Kd8 37. Ra7 b5 38. c5 b4 39. c6 1-0

[Event "SVR-op"]
[Site "Heimbach Weis"]
[Date "2014.04.12"]
[Round "2"]
[White "Berresheim, Holger"]
[Black "Matusch, Insa"]
[Result "1-0"]
[WhiteElo "1576"]
[BlackElo "729"]
[PlyCount "45"]
[EventDate "2014.04.11"]
[EventType "swiss"]
[EventRounds "7"]
[EventCountry "GER"]
[SourceTitle "CBM 160 Extra"]
[Source "ChessBase"]
[SourceDate "2014.07.01"]
[SourceVersion "1"]
[SourceVersionDate "2014.07.01"]
[SourceQuality "1"]

1. e4 g6 2. d4 Bg7 3. Bc4 d6 4. Ne2 Nf6 5. Nbc3 0-0 6. 0-0 c5 7. dxc5 dxc5 8. Qxd8 Rxd8 9. Bg5 Bg4 10. f3 Be6 11. Bxe6 fxe6 12. Nf4 e5 13. Ne6 Rd2 14. Bxd2 Nc6 15. Nxg7 Kxg7 16. Be3 Nd7 17. Rad1 Rd8 18. a3 b6 19. Nb5 Ncb8 20. Nc7 Rf8 21. Ne6+ Kf7 22. Nxf8 Kxf8 23. f4 1-0

[Event "SVR-op 36th"]
[Site "Idar Oberstein"]
[Date "2013.03.29"]
[Round "6"]
[White "Berresheim, Holger"]
[Black "Schaefer, Rainer"]
[Result "1-0"]
[WhiteElo "1650"]
[BlackElo "1677"]
[PlyCount "107"]
[EventDate "2013.03.23"]
[EventType "swiss"]
[EventRounds "7"]
[EventCountry "GER"]
[SourceTitle "EXT 2014"]
[Source "ChessBase"]
[SourceDate "2013.11.20"]
[SourceVersion "1"]
[SourceVersionDate "2013.11.20"]
[SourceQuality "1"]

1. e4 c6 2. d4 d5 3. exd5 cxd5 4. Bd3 Nc6 5. c3 Nf6 6. Ne2 e5 7. dxe5 Nxe5 8. 0-0 Nxd3 9. Qxd3 Be7 10. Bg5 0-0 11. Ng3 Be6 12. Nd2 Rc8 13. Nf3 Ng4 14. Bxe7 Qxe7 15. Qd4 b6 16. Nh5 Nf6 17. Nxf6+ gxf6 18. Rfe1 Qd8 19. Qf4 Rc4 20. Nd4 Re8 21. Re3 Bd7 22. Rae1 Kh8 23. Qh6 Rg8 24. Re7 Rg6 25. Qh4 Kg7 26. Qh5 Rc7 27. Qxd5 Rxg2+ 28. Qxg2+ Kf8 29. Qd5 Qxe7 30. Rxe7 Kxe7 31. Nf5+ Bxf5 32. Qxf5 h6 33. Qf4 Rc5 34. Qxh6 Rg5+ 35. Kf1 b5 36. h4 Re5 37. Qh8 a5 38. h5 b4 39. h6 bxc3 40. bxc3 Rc5 41. Qg7 Rxc3 42. h7 Ra3 43. h8Q Rxa2 44. Qxf6+ Kd7 45. Qxf7+ Kd6 46. Qxa2 a4 47. Qc2 a3 48. Qd8+ Ke6 49. Qe2+ Kf7 50. Qd5+ Kf6 51. Qef3+ Kg7 52. Qd7+ Kg6 53. Qdg4+ Kh6 54. Qfh3# 1-0

[Event "SVR-op 36th"]
[Site "Idar Oberstein"]
[Date "2013.03.28"]
[Round "4"]
[White "Berresheim, Holger"]
[Black "Baumann, Bettina"]
[Result "1/2-1/2"]
[WhiteElo "1650"]
[BlackElo "1460"]
[PlyCount "55"]
[EventDate "2013.03.23"]
[EventType "swiss"]
[EventRounds "7"]
[EventCountry "GER"]
[SourceTitle "EXT 2014"]
[Source "ChessBase"]
[SourceDate "2013.11.20"]
[SourceVersion "1"]
[SourceVersionDate "2013.11.20"]
[SourceQuality "1"]

1. e4 c5 2. Bc4 Nc6 3. Nc3 Nf6 4. d3 e6 5. Bg5 Be7 6. Bxf6 Bxf6 7. Nge2 0-0 8. 0-0 a6 9. a4 d6 10. f4 Nd4 11. Ng3 Rb8 12. Nh5 Bd7 13. Nxf6+ Qxf6 14. Qd2 b5 15. axb5 axb5 16. Ba2 b4 17. Nd1 Ra8 18. Ne3 Nb5 19. Nc4 Ra6 20. e5 Qe7 21. Bb3 Rfa8 22. Rxa6 Rxa6 23. exd6 Nxd6 24. Qe3 Nf5 25. Qe5 Bc6 26. Qb8+ Qe8 27. Qxe8+ Bxe8 28. c3 1/2-1/2

[Event "SVR-op 36th"]
[Site "Idar Oberstein"]
[Date "2013.03.28"]
[Round "5"]
[White "Teper, Engin"]
[Black "Berresheim, Holger"]
[Result "1-0"]
[WhiteElo "1319"]
[BlackElo "1650"]
[PlyCount "99"]
[EventDate "2013.03.23"]
[EventType "swiss"]
[EventRounds "7"]
[EventCountry "GER"]
[SourceTitle "EXT 2014"]
[Source "ChessBase"]
[SourceDate "2013.11.20"]
[SourceVersion "1"]
[SourceVersionDate "2013.11.20"]
[SourceQuality "1"]

1. Nf3 d5 2. g3 Nf6 3. Bg2 g6 4. d4 Bg7 5. 0-0 0-0 6. Nbd2 Nbd7 7. c3 c5 8. Nb3 cxd4 9. cxd4 b6 10. Bd2 Ba6 11. Re1 Rc8 12. Ne5 Nxe5 13. dxe5 Nd7 14. f4 Nc5 15. Nxc5 bxc5 16. Be3 d4 17. Bf2 Qb6 18. b3 Bb7 19. Bxb7 Qxb7 20. e3 dxe3 21. Rxe3 c4 22. bxc4 Rxc4 23. Ra3 a6 24. Qb3 Rb4 25. Qd3 Qb5 26. Qxb5 axb5 27. Bc5 Rc4 28. Bxe7 Rfc8 29. Rd1 Bf8 30. Bxf8 Kxf8 31. Rd7 R4c7 32. Rxc7 Rxc7 33. Rb3 Rc1+ 34. Kg2 Rc2+ 35. Kh3 Rxa2 36. Rxb5 Ra8 37. Rb7 Re8 38. Kg4 h6 39. h4 Re6 40. Rd7 Ke8 41. Rd6 f5+ 42. Kf3 Rxd6 43. exd6 Kd7 44. g4 Kxd6 45. h5 fxg4+ 46. Kxg4 gxh5+ 47. Kxh5 Ke6 48. Kg6 h5 49. f5+ Ke7 50. Kg7 1-0

[Event "SVR-op 36th"]
[Site "Idar Oberstein"]
[Date "2013.03.23"]
[Round "1"]
[White "Fritsch, Alexander"]
[Black "Berresheim, Holger"]
[Result "1-0"]
[WhiteElo "1461"]
[BlackElo "1650"]
[PlyCount "81"]
[EventDate "2013.03.23"]
[EventType "swiss"]
[EventRounds "7"]
[EventCountry "GER"]
[SourceTitle "EXT 2014"]
[Source "ChessBase"]
[SourceDate "2013.11.20"]
[SourceVersion "1"]
[SourceVersionDate "2013.11.20"]
[SourceQuality "1"]

1. d4 d5 2. c4 c6 3. Nf3 Bf5 4. Nc3 e6 5. Bg5 Be7 6. Bxe7 Qxe7 7. e3 h6 8. Be2 dxc4 9. Bxc4 Qb4 10. Qb3 Qxb3 11. Bxb3 Nf6 12. 0-0 0-0 13. Rad1 Bg4 14. Kh1 Nbd7 15. h3 Bh5 16. Bc2 Bxf3 17. gxf3 Rad8 18. e4 c5 19. d5 exd5 20. Nxd5 Nxd5 21. Rxd5 Nb6 22. Rxc5 Rc8 23. Rxc8 Rxc8 24. Bb3 Nc4 25. Rc1 b5 26. a4 a6 27. Bxc4 Rxc4 28. Rxc4 bxc4 29. Kg1 Kf8 30. Kf1 Ke7 31. Ke2 Kd6 32. Kd2 Kc5 33. Kc3 f6 34. h4 h5 35. f4 g6 36. e5 fxe5 37. fxe5 a5 38. f3 Kd5 39. f4 Kc5 40. Kd2 Kd5 41. Ke3 1-0

[Event "SVR-op 34th"]
[Site "Reil"]
[Date "2011.04.16"]
[Round "2"]
[White "Bach, Kira Annika"]
[Black "Berresheim, Holger"]
[Result "0-1"]
[WhiteElo "1088"]
[BlackElo "1473"]
[PlyCount "100"]
[EventDate "2011.04.16"]
[EventType "swiss"]
[EventRounds "7"]
[EventCountry "GER"]
[SourceTitle "EXT 2013"]
[Source "ChessBase"]
[SourceDate "2012.11.22"]
[SourceVersion "1"]
[SourceVersionDate "2012.11.22"]
[SourceQuality "1"]

1. e4 e5 2. Nf3 d6 3. c3 Nf6 4. Qe2 Be7 5. d4 exd4 6. cxd4 Bg4 7. h3 Bc8 8. Nc3 b6 9. Bf4 Ba6 10. Qe3 Bxf1 11. Rxf1 Nc6 12. a3 0-0 13. g4 Na5 14. e5 dxe5 15. dxe5 Nd5 16. Nxd5 Qxd5 17. h4 Nc4 18. Qe2 Nxb2 19. Qxb2 Qxf3 20. Bg5 Bxg5 21. hxg5 Qxg4 22. Qd2 Qe4+ 23. Qe2 Qxe2+ 24. Kxe2 Rfe8 25. f4 Rad8 26. Rac1 c5 27. Rf3 Rd4 28. Ke3 Red8 29. Rf2 Rd3+ 30. Ke2 Rxa3 31. Ke1 Rad3 32. Ra2 R8d7 33. Re2 Rh3 34. Rcc2 Rh1+ 35. Kf2 Rh2+ 36. Kf1 Rd1+ 37. Re1 Rxe1+ 38. Kxe1 Rxc2 39. Kd1 Rf2 40. Kc1 Rxf4 41. Kb2 Rb4+ 42. Kc3 a5 43. e6 fxe6 44. Kc2 a4 45. Kd3 a3 46. Ke3 a2 47. Kd3 a1Q 48. Ke3 Qa3+ 49. Kd2 Rb2+ 50. Kd1 Qa1# 0-1

[Event "SVR-ch HT 29th"]
[Site "Koblenz"]
[Date "2006.04.13"]
[Round "5"]
[White "Mertin, Felix"]
[Black "Berresheim, Holger"]
[Result "1/2-1/2"]
[WhiteElo "1314"]
[BlackElo "1495"]
[PlyCount "47"]
[EventDate "2006.04.08"]
[EventType "swiss"]
[EventRounds "7"]
[EventCountry "GER"]
[SourceTitle "EXT 2009"]
[Source "ChessBase"]
[SourceDate "2008.11.26"]
[SourceVersion "1"]
[SourceVersionDate "2008.11.26"]
[SourceQuality "1"]

1. Nf3 d6 2. d4 Nf6 3. c4 g6 4. Nc3 Bg7 5. e4 0-0 6. Be2 c5 7. d5 Nbd7 8. Be3 Ng4 9. Bf4 Nde5 10. h3 Nxf3+ 11. Bxf3 Ne5 12. Be2 b6 13. Rc1 e6 14. b3 a6 15. 0-0 Bb7 16. Qd2 exd5 17. Nxd5 Bxd5 18. Qxd5 Qe7 19. Rfd1 Rad8 20. Be3 Qe6 21. f4 Qxd5 22. Rxd5 Nc6 23. Rcd1 Nd4 24. Kf2 1/2-1/2

[Event "SVR-ch HT 29th"]
[Site "Koblenz"]
[Date "2006.04.08"]
[Round "1"]
[White "Becker, Volker"]
[Black "Berresheim, Holger"]
[Result "0-1"]
[WhiteElo "1840"]
[BlackElo "1495"]
[PlyCount "60"]
[EventDate "2006.04.08"]
[EventType "swiss"]
[EventRounds "7"]
[EventCountry "GER"]
[SourceTitle "EXT 2009"]
[Source "ChessBase"]
[SourceDate "2008.11.26"]
[SourceVersion "1"]
[SourceVersionDate "2008.11.26"]
[SourceQuality "1"]

1. e4 e5 2. Nf3 d6 3. d4 exd4 4. Nxd4 Nf6 5. Nc3 Be7 6. Bc4 Nbd7 7. Be3 Ne5 8. Bb3 a6 9. f3 c5 10. Nf5 Bxf5 11. exf5 c4 12. Ba4+ b5 13. Nxb5 axb5 14. Bxb5+ Ned7 15. Bxc4 Qa5+ 16. Qd2 Qxf5 17. 0-0 0-0 18. Rfe1 Ne5 19. Bb3 Nfd7 20. c3 Bh4 21. Red1 Nc5 22. Bc2 Qe6 23. Bxc5 dxc5 24. Qe2 Rfe8 25. Qe4 Ng6 26. Rd5 Qb6 27. Qf5 c4+ 28. Kh1 Qxb2 29. Rad1 Rxa2 30. Rd7 Rf8 0-1

[Event "Koblenz-ch"]
[Site "Koblenz"]
[Date "2003.10.07"]
[Round "3"]
[White "Berresheim, Holger"]
[Black "Ley, Reinhard"]
[Result "0-1"]
[WhiteElo "1453"]
[BlackElo "1632"]
[PlyCount "50"]
[EventDate "2003.09.23"]
[EventType "swiss"]
[EventRounds "7"]
[EventCountry "GER"]
[SourceTitle "EXT 2005"]
[Source "ChessBase"]
[SourceDate "2004.11.15"]
[SourceVersion "1"]
[SourceVersionDate "2004.11.15"]
[SourceQuality "1"]

1. e4 Nf6 2. d3 e5 3. Nf3 Nc6 4. Nc3 Bb4 5. Bd2 d5 6. exd5 Nxd5 7. Nxd5 Bxd2+ 8. Qxd2 Qxd5 9. Be2 Nd4 10. c4 Nxf3+ 11. Bxf3 Qd4 12. 0-0 c6 13. Rab1 0-0 14. b3 Bf5 15. Be2 Rad8 16. Rbd1 Rfe8 17. Kh1 e4 18. Qb4 exd3 19. Bf3 Rd7 20. Rd2 Rde7 21. Rdd1 Be4 22. Bg4 Bxg2+ 23. Kxg2 Qxg4+ 24. Kh1 Qf3+ 25. Kg1 Re6 0-1

[Event "Koblenz-ch"]
[Site "Koblenz"]
[Date "2003.09.30"]
[Round "2"]
[White "Vogel, Joerg"]
[Black "Berresheim, Holger"]
[Result "1-0"]
[WhiteElo "1951"]
[BlackElo "1453"]
[PlyCount "47"]
[EventDate "2003.09.23"]
[EventType "swiss"]
[EventRounds "7"]
[EventCountry "GER"]
[SourceTitle "EXT 2005"]
[Source "ChessBase"]
[SourceDate "2004.11.15"]
[SourceVersion "1"]
[SourceVersionDate "2004.11.15"]
[SourceQuality "1"]

1. d4 d5 2. c4 dxc4 3. Nf3 Nf6 4. Nc3 g6 5. e4 Bg4 6. e5 Nd5 7. Bxc4 c6 8. Qb3 Bxf3 9. gxf3 b5 10. Bxd5 cxd5 11. Qxb5+ Nd7 12. Nxd5 Bg7 13. h4 h5 14. Bg5 f6 15. e6 0-0 16. exd7 fxg5 17. Qc6 Kh8 18. hxg5 Kh7 19. Ke2 Rf7 20. Rxh5+ Kg8 21. Qxg6 Qxd7 22. Rah1 Qb5+ 23. Ke1 Qa5+ 24. Kf1 1-0

[Event "Koblenz-ch"]
[Site "Koblenz"]
[Date "2003.09.23"]
[Round "1"]
[White "Berresheim, Holger"]
[Black "Moors, Guenter"]
[Result "1-0"]
[WhiteElo "1453"]
[BlackElo "1439"]
[PlyCount "57"]
[EventDate "2003.09.23"]
[EventType "swiss"]
[EventRounds "7"]
[EventCountry "GER"]
[SourceTitle "EXT 2005"]
[Source "ChessBase"]
[SourceDate "2004.11.15"]
[SourceVersion "1"]
[SourceVersionDate "2004.11.15"]
[SourceQuality "1"]

1. e4 g6 2. d3 Bg7 3. Ne2 d6 4. Nbc3 Nd7 5. g3 b6 6. Bg2 Bb7 7. 0-0 e6 8. Rb1 Ne7 9. a3 h5 10. Be3 f5 11. Qd2 Nf6 12. Bg5 Qd7 13. Rfe1 Ng4 14. Nf4 e5 15. Bxe7 exf4 16. exf5 Bxg2 17. Kxg2 f3+ 18. Kg1 Qxf5 19. Bf6+ Kf7 20. Bxg7 Kxg7 21. Ne4 Ne5 22. Ng5 Qd7 23. Qc3 Kh6 24. h4 Raf8 25. d4 Nf7 26. Nxf3 g5 27. d5 gxh4 28. Re6+ Kh7 29. Qd3+ 1-0

[Event "Rheinland op"]
[Site "Koblenz"]
[Date "2003.04.13"]
[Round "3"]
[White "Mehlem, Sabine"]
[Black "Berresheim, Holger"]
[Result "1-0"]
[WhiteElo "1553"]
[BlackElo "1445"]
[PlyCount "91"]
[EventDate "2003.04.11"]
[EventType "swiss"]
[EventRounds "7"]
[EventCountry "GER"]
[SourceTitle "EXT 2004"]
[Source "ChessBase"]
[SourceDate "2003.11.25"]
[SourceVersion "1"]
[SourceVersionDate "2003.11.25"]
[SourceQuality "1"]

1. c4 e5 2. Nc3 Nf6 3. g3 g6 4. Bg2 Bg7 5. e3 d6 6. Nge2 0-0 7. 0-0 Re8 8. b3 c6 9. f4 exf4 10. Nxf4 Bg4 11. Qe1 Nbd7 12. h3 Bf5 13. g4 Be4 14. Nxe4 Nxe4 15. Rb1 Ndc5 16. Bb2 Bh6 17. d3 Ng5 18. Qc3 f6 19. e4 Bg7 20. h4 Nge6 21. d4 Nxf4 22. Rxf4 Nd7 23. Rbf1 Rf8 24. b4 Rc8 25. a4 Nb6 26. Qb3 Kh8 27. a5 Nd7 28. Qh3 c5 29. bxc5 dxc5 30. d5 Rb8 31. h5 g5 32. Rf5 h6 33. Qa3 Qc7 34. R5f2 b6 35. a6 Ne5 36. Bxe5 Qxe5 37. Qb2 Qxb2 38. Rxb2 f5 39. Re2 fxg4 40. Rxf8+ Rxf8 41. e5 Kg8 42. e6 Bf6 43. d6 Rd8 44. e7 Bxe7 45. dxe7 Re8 46. Bc6 1-0

[Event "Koblenz-ch"]
[Site "Koblenz"]
[Date "2002.11.07"]
[Round "3"]
[White "Berresheim, Holger"]
[Black "Olenberger, Waldemar"]
[Result "1-0"]
[WhiteElo "1327"]
[BlackElo "1540"]
[PlyCount "95"]
[EventDate "2002.10.17"]
[EventType "swiss"]
[EventRounds "7"]
[EventCountry "GER"]
[SourceTitle "EXT 2005"]
[Source "ChessBase"]
[SourceDate "2004.11.15"]
[SourceVersion "1"]
[SourceVersionDate "2004.11.15"]
[SourceQuality "1"]

1. e4 e5 2. d3 Nc6 3. Nf3 d6 4. g3 Nf6 5. Bg5 Be7 6. Bg2 Bg4 7. 0-0 h6 8. Be3 0-0 9. Qd2 Kh7 10. Nc3 a6 11. d4 Qc8 12. d5 Nb8 13. Nh4 Bh3 14. Rfe1 Bxg2 15. Kxg2 Nh5 16. Nf5 Qe8 17. Bxh6 Rg8 18. g4 Nf6 19. Bxg7 Nxg4 20. h3 Rxg7 21. Nxg7 Kxg7 22. hxg4 Qd8 23. f4 Nd7 24. Rh1 Qg8 25. fxe5 Kf8 26. Qh6+ Ke8 27. Qh8 Qxh8 28. Rxh8+ Nf8 29. e6 Rd8 30. Rf1 c6 31. a3 c5 32. Rf5 b5 33. b4 cxb4 34. axb4 Rc8 35. Nd1 Rxc2+ 36. Kf3 Rc4 37. exf7+ Kd7 38. e5 Rxb4 39. exd6 Bxd6 40. Nf2 Rb3+ 41. Kg2 Rb2 42. g5 Ke7 43. Rf6 Re2 44. Rxd6 Kxd6 45. Rxf8 Re5 46. Rd8+ Kc7 47. f8Q Rxg5+ 48. Kf1 1-0

[Event "Koblenz-ch"]
[Site "Koblenz"]
[Date "2002.10.24"]
[Round "2"]
[White "Baumann, Bettina"]
[Black "Berresheim, Holger"]
[Result "1-0"]
[WhiteElo "1629"]
[BlackElo "1327"]
[PlyCount "95"]
[EventDate "2002.10.17"]
[EventType "swiss"]
[EventRounds "7"]
[EventCountry "GER"]
[SourceTitle "EXT 2005"]
[Source "ChessBase"]
[SourceDate "2004.11.15"]
[SourceVersion "1"]
[SourceVersionDate "2004.11.15"]
[SourceQuality "1"]

1. d4 d5 2. c4 e6 3. Nc3 Bb4 4. e3 Nf6 5. Nf3 Nc6 6. Bd3 b6 7. 0-0 Bxc3 8. bxc3 Bb7 9. Re1 0-0 10. Qc2 Ne4 11. Bxe4 dxe4 12. Qxe4 Na5 13. Qg4 f5 14. Qg3 Nxc4 15. Ne5 Nxe5 16. Qxe5 Rf6 17. e4 Rg6 18. f3 fxe4 19. fxe4 Qh4 20. Bf4 Rf8 21. Rf1 Qg4 22. Bg3 Rxf1+ 23. Rxf1 Ba6 24. Re1 h5 25. Qf4 h4 26. Qxg4 Rxg4 27. Bxc7 Bd3 28. e5 Be4 29. Re2 Bf3 30. Rf2 Be4 31. h3 Rg3 32. c4 Bf5 33. d5 exd5 34. cxd5 g6 35. Bd8 Bxh3 36. Bxh4 Rg4 37. Bf6 Rg3 38. Kh2 Rxg2+ 39. Rxg2 Bxg2 40. Kxg2 Kf7 41. d6 Ke6 42. Kg3 a5 43. Kf4 b5 44. Ke4 b4 45. Kd3 a4 46. Kc2 Kd7 47. Bg5 Kc6 48. Bd2 1-0